|
|
|
|
| LEADER |
00809nam a2200205 a 4500 |
| 001 |
6192808 |
| 008 |
090709s2005 bg 001 0 eng d |
| 010 |
|
|
|a \\2006345266
|
| 020 |
|
|
|a 9840517546
|
| 040 |
|
|
|a DLC
|c DLC
|d NNC
|
| 082 |
0 |
0 |
|a 891.4/4301089287
|2 22
|
| 245 |
0 |
0 |
|a From the delta :
|b English fiction from Bangladesh /
|c edited by Niaz Zaman.
|
| 260 |
|
|
|a Dhaka :
|b The University Press,
|c 2005.
|
| 300 |
|
|
|a x, 218 p. ;
|c 22 cm.
|
| 541 |
1 |
|
|e 00014928
|
| 650 |
|
0 |
|a Short stories, Bengali
|z Bangladesh
|x Translations into English.
|
| 700 |
1 |
|
|a Zaman, Niaz.
|
| 852 |
4 |
|
|a Ayesha Abed Library
|j General shelf
|
| 999 |
|
|
|c 2762
|d 2762
|
| 952 |
|
|
|0 0
|1 0
|2 ddc
|4 0
|6 891_443010892870000_FRO
|7 0
|9 2536
|a BRACUL
|b BRACUL
|c GEN
|d 2009-07-23
|g 400.00
|l 6
|m 50
|o 891.44301089287 FRO
|p 3010014928
|r 2025-03-06
|s 2025-02-24
|t 1
|v 800.00
|w 2009-07-23
|y BK
|